De lo espiritual en el arte; y la pintura en particular /
Guardado en:
| Autor Principal: | |
|---|---|
| Formato: | Libro |
| Publicado: |
Argentina :
Galatea Nueva Visión,
1960
|
| Edición: | 3a. ed. |
| Materias: | |
| Etiquetas: |
Agregar Etiqueta
Sin Etiquetas, Sea el primero en etiquetar este registro!
|
| LEADER | 00806nam a22002055a 4500 | ||
|---|---|---|---|
| 001 | CEM.cems003544 | ||
| 005 | 19000101000000.0 | ||
| 008 | 130507s1960##################000#0#####d | ||
| 003 | CEMS | ||
| 082 | 0 | 4 | |a 701 |
| 100 | 1 | |a Kandinsky, Wassily | |
| 245 | 1 | 0 | |a De lo espiritual en el arte; y la pintura en particular / |
| 250 | |a 3a. ed. | ||
| 260 | |a Argentina : |b Galatea Nueva Visión, |c 1960 | ||
| 300 | |a 106 p. | ||
| 505 | 0 | |a Comentarios sobre las creaciones art¡sticas espont neas de los psic¢ticos. -Un artista psic¢tico en la E. M..-Un escultor psic¢tico del s. XVIII. -La funci¢n de los dibujos y el significado del "Acceso creador" en un artista esquizofrénico | |
| 653 | |a Arte | ||
| 653 | |a Arte-teoria del | ||
| 653 | |a Color-plastica | ||
| 859 | |a CEMS |b BIB. CEMS - 11 de abril |h 701 |i K21a3 |p 1995.74 |t Ej.1 | ||
